000 00298nam a2200121Ia 4500
008 241015s9999 xx 000 0 und d
041 _aeng
082 _a658.872 JEL
100 _aTawfik Jelassi
245 _aStrategies For E-Business
260 _bSpringer
_aLondon
_c2023
300 _a795;. P 22 cm
999 _c41700
_d41700